[Event "XLIV Memoriał Szachowy Ludwika Zamenhofa 2025, Grupa A"]
[Site "Białystok, Poland"]
[Date "2025.12.30"]
[Round "7.1"]
[White "Salna, Aleksandras"]
[Black "Psyk, Radoslaw"]
[Result "1-0"]
[TimeControl "90'+30\""]
[WhiteElo "2290"]
[BlackElo "2504"]

1. d4 {[%clk 01:30:58]} {[%emt 00:00:01]} Nf6 {[%clk 01:16:01]} {[%emt
00:15:00]} 2. Bf4 {[%clk 01:31:06]} {[%emt 00:00:21]} e6 {[%clk 01:15:30]}
{[%emt 00:01:01]} 3. e3 {[%clk 01:31:14]} {[%emt 00:00:21]} b6 {[%clk
01:10:02]} {[%emt 00:05:59]} 4. Nf3 {[%clk 01:31:21]} {[%emt 00:00:23]} Bb7
{[%clk 01:10:19]} {[%emt 00:00:13]} 5. Nbd2 {[%clk 01:31:18]} {[%emt 00:00:32]}
d6 {[%clk 01:04:03]} {[%emt 00:06:47]} 6. h3 {[%clk 01:31:37]} {[%emt
00:00:11]} g6 {[%clk 01:03:25]} {[%emt 00:01:08]} 7. Be2 {[%clk 01:30:46]}
{[%emt 00:01:20]} Bg7 {[%clk 01:03:38]} {[%emt 00:00:17]} 8. O-O {[%clk
01:31:08]} {[%emt 00:00:09]} O-O {[%clk 01:04:05]} {[%emt 00:00:03]} 9. a4
{[%clk 01:31:19]} {[%emt 00:00:20]} a5 {[%clk 01:02:44]} {[%emt 00:01:51]} 10.
c3 {[%clk 01:27:22]} {[%emt 00:04:27]} Qe7 {[%clk 01:02:25]} {[%emt 00:00:48]}
11. Qb3 {[%clk 01:27:02]} {[%emt 00:00:50]} Nbd7 {[%clk 01:02:24]} {[%emt
00:00:31]} 12. Qa3 {[%clk 01:27:11]} {[%emt 00:00:21]} Rfd8 {[%clk 00:55:21]}
{[%emt 00:07:33]} 13. Bh2 {[%clk 01:25:33]} {[%emt 00:02:07]} Qe8 {[%clk
00:54:30]} {[%emt 00:01:21]} 14. b4 {[%clk 01:24:02]} {[%emt 00:02:02]} e5
{[%clk 00:49:18]} {[%emt 00:05:43]} 15. Rfb1 {[%clk 01:19:51]} {[%emt
00:04:40]} Ne4 {[%clk 00:38:51]} {[%emt 00:10:56]} 16. Nxe4 {[%clk 01:13:46]}
{[%emt 00:06:36]} Bxe4 {[%clk 00:39:19]} {[%emt 00:00:02]} 17. Rc1 {[%clk
01:13:57]} {[%emt 00:00:18]} Bb7 {[%clk 00:38:38]} {[%emt 00:01:12]} 18. Qb3
{[%clk 01:09:32]} {[%emt 00:04:55]} Qe7 {[%clk 00:37:53]} {[%emt 00:01:15]} 19.
Bg3 {[%clk 01:08:26]} {[%emt 00:01:36]} h6 {[%clk 00:34:57]} {[%emt 00:03:26]}
20. Rd1 {[%clk 01:06:15]} {[%emt 00:02:41]} axb4 {[%clk 00:26:33]} {[%emt
00:08:55]} 21. dxe5 {[%clk 01:01:08]} {[%emt 00:05:36]} bxc3 {[%clk 00:16:59]}
{[%emt 00:10:05]} 22. exd6 {[%clk 00:58:37]} {[%emt 00:03:00]} cxd6 {[%clk
00:17:28]} {[%emt 00:00:02]} 23. Bxd6 {[%clk 00:57:58]} {[%emt 00:01:09]} Qe8
{[%clk 00:14:27]} {[%emt 00:03:30]} 24. Rac1 {[%clk 00:55:16]} {[%emt
00:03:11]} Bc6 {[%clk 00:12:24]} {[%emt 00:02:35]} 25. Bb5 {[%clk 00:54:29]}
{[%emt 00:01:16]} Nc5 {[%clk 00:09:10]} {[%emt 00:03:44]} 26. Bxc5 {[%clk
00:47:50]} {[%emt 00:07:10]} bxc5 {[%clk 00:09:38]} {[%emt 00:00:01]} 27. Qc4
{[%clk 00:43:03]} {[%emt 00:05:18]} Rxd1+ {[%clk 00:07:56]} {[%emt 00:02:12]}
28. Rxd1 {[%clk 00:43:27]} {[%emt 00:00:06]} Rd8 {[%clk 00:08:16]} {[%emt
00:00:09]} 29. Rc1 {[%clk 00:42:16]} {[%emt 00:01:40]} Bxb5 {[%clk 00:07:16]}
{[%emt 00:01:31]} 30. axb5 {[%clk 00:42:27]} {[%emt 00:00:20]} Rb8 {[%clk
00:04:50]} {[%emt 00:02:56]} 31. Qxc5 {[%clk 00:40:42]} {[%emt 00:02:15]} Rxb5
{[%clk 00:04:21]} {[%emt 00:00:58]} 32. Qc4 {[%clk 00:40:39]} {[%emt 00:00:33]}
Rb8 {[%clk 00:04:05]} {[%emt 00:00:47]} 33. Qd3 {[%clk 00:30:47]} {[%emt
00:10:20]} Rc8 {[%clk 00:04:05]} {[%emt 00:00:31]} 34. Rd1 {[%clk 00:28:38]}
{[%emt 00:02:39]} Qa4 {[%clk 00:04:01]} {[%emt 00:00:34]} 35. Ne1 {[%clk
00:28:31]} {[%emt 00:00:37]} Bf6 {[%clk 00:03:05]} {[%emt 00:01:26]} 36. Nc2
{[%clk 00:28:18]} {[%emt 00:00:43]} Rd8 {[%clk 00:03:31]} {[%emt 00:00:04]} 37.
Qe2 {[%clk 00:28:08]} {[%emt 00:00:40]} Rb8 {[%clk 00:04:00]} {[%emt 00:00:01]}
38. Qd3 {[%clk 00:24:52]} {[%emt 00:03:46]} Rd8 {[%clk 00:03:43]} {[%emt
00:00:47]} 39. Qe2 {[%clk 00:24:54]} {[%emt 00:00:28]} Rb8 {[%clk 00:04:12]}
{[%emt 00:00:01]} 40. Qd3 {[%clk 00:24:41]} {[%emt 00:00:43]} Rb2 {[%clk
00:04:06]} {[%emt 00:00:36]} 41. Rc1 {[%clk 00:24:37]} {[%emt 00:00:34]} Qa2
{[%clk 00:04:31]} {[%emt 00:00:05]} 42. Kf1 {[%clk 00:24:23]} {[%emt 00:00:43]}
Kg7 {[%clk 00:04:44]} {[%emt 00:00:18]} 43. Ke2 {[%clk 00:23:52]} {[%emt
00:01:00]} Rb8 {[%clk 00:04:55]} {[%emt 00:00:20]} 44. Kf1 {[%clk 00:20:07]}
{[%emt 00:04:14]} Qb2 {[%clk 00:05:21]} {[%emt 00:00:05]} 45. Qd1 {[%clk
00:20:30]} {[%emt 00:00:07]} Rd8 {[%clk 00:05:13]} {[%emt 00:00:38]} 46. Nd4
{[%clk 00:20:38]} {[%emt 00:00:21]} Bxd4 {[%clk 00:04:36]} {[%emt 00:01:08]} 47.
exd4 {[%clk 00:21:03]} {[%emt 00:00:05]} Kh7 {[%clk 00:04:50]} {[%emt
00:00:16]} 48. Qe1 {[%clk 00:20:36]} {[%emt 00:00:57]} Rc8 {[%clk 00:02:13]}
{[%emt 00:03:07]} 49. d5 {[%clk 00:19:56]} {[%emt 00:01:11]} Qb4 {[%clk
00:00:40]} {[%emt 00:02:02]} 50. d6 {[%clk 00:18:50]} {[%emt 00:01:37]} Qc4+
{[%clk 00:00:32]} {[%emt 00:00:37]} 51. Kg1 {[%clk 00:19:01]} {[%emt 00:00:19]}
c2 {[%clk 00:00:33]} {[%emt 00:00:29]} 52. d7 {[%clk 00:18:01]} {[%emt
00:01:30]} Rb8 {[%clk 00:00:44]} {[%emt 00:00:19]} 53. Qe5 {[%clk 00:16:50]}
{[%emt 00:01:41]} Rb1 {[%clk 00:00:43]} {[%emt 00:00:31]} 54. d8=Q {[%clk
00:16:54]} {[%emt 00:00:26]} Rxc1+ {[%clk 00:00:35]} {[%emt 00:00:39]} 55. Kh2
{[%clk 00:17:20]} {[%emt 00:00:03]} Rh1+ {[%clk 00:00:59]} {[%emt 00:00:06]} 56.
Kg3 {[%clk 00:17:22]} {[%emt 00:00:28]} Qd3+ {[%clk 00:00:31]} {[%emt
00:00:58]} 57. Qxd3 {[%clk 00:17:45]} {[%emt 00:00:07]} c1=Q {[%emt 00:00:02]}
58. Qd8 {[%clk 00:16:32]} {[%emt 00:01:41]} 1-0

[Event "XLIV Memoriał Szachowy Ludwika Zamenhofa 2025, Grupa A"]
[Site "Białystok, Poland"]
[Date "2025.12.30"]
[Round "7.2"]
[White "Piesik, Piotr"]
[Black "Baum, Jonasz"]
[Result "1/2-1/2"]
[TimeControl "90'+30\""]
[WhiteElo "2407"]
[BlackElo "2446"]

1. d4 {[%clk 01:30:52]} {[%emt 00:00:08]} Nf6 {[%clk 01:30:56]} {[%emt
00:00:05]} 2. c4 {[%clk 01:31:18]} {[%emt 00:00:04]} e6 {[%clk 01:31:23]}
{[%emt 00:00:03]} 3. Nc3 {[%clk 01:31:42]} {[%emt 00:00:05]} Bb4 {[%clk
01:31:50]} {[%emt 00:00:04]} 4. Bf4 {[%clk 01:32:05]} {[%emt 00:00:06]} Bxc3+
{[%clk 01:32:14]} {[%emt 00:00:06]} 5. bxc3 {[%clk 01:32:31]} {[%emt 00:00:04]}
b6 {[%clk 01:32:40]} {[%emt 00:00:04]} 6. e3 {[%clk 01:31:49]} {[%emt
00:01:12]} Bb7 {[%clk 01:33:07]} {[%emt 00:00:03]} 7. Nf3 {[%clk 01:31:54]}
{[%emt 00:00:26]} d6 {[%clk 01:33:32]} {[%emt 00:00:04]} 8. Bd3 {[%clk
01:18:13]} {[%emt 00:14:11]} h6 {[%clk 01:33:38]} {[%emt 00:00:25]} 9. h3
{[%clk 01:17:47]} {[%emt 00:00:56]} Nbd7 {[%clk 01:33:12]} {[%emt 00:00:56]} 10.
O-O {[%clk 01:13:08]} {[%emt 00:05:09]} e5 {[%clk 01:32:25]} {[%emt 00:01:17]}
11. dxe5 {[%clk 01:13:09]} {[%emt 00:00:28]} Bxf3 {[%clk 01:32:50]} {[%emt
00:00:05]} 12. Qxf3 {[%clk 01:11:15]} {[%emt 00:02:25]} dxe5 {[%clk 01:31:41]}
{[%emt 00:01:39]} 13. Bg3 {[%clk 01:09:42]} {[%emt 00:02:01]} O-O {[%clk
01:30:26]} {[%emt 00:01:41]} 14. Rfd1 {[%clk 01:06:31]} {[%emt 00:03:47]} Qe7
{[%clk 01:29:10]} {[%emt 00:01:46]} 15. Bc2 {[%clk 00:57:29]} {[%emt 00:09:31]}
Nc5 {[%clk 01:16:22]} {[%emt 00:13:18]} 16. Qf5 {[%clk 00:46:04]} {[%emt
00:11:55]} Rfe8 {[%clk 01:16:02]} {[%emt 00:00:51]} 17. Rd2 {[%clk 00:44:13]}
{[%emt 00:02:21]} g6 {[%clk 01:03:55]} {[%emt 00:12:36]} 18. Qf3 {[%clk
00:43:42]} {[%emt 00:01:01]} Qe6 {[%clk 01:04:19]} {[%emt 00:00:07]} 19. Rad1
{[%clk 00:42:50]} {[%emt 00:01:21]} Kg7 {[%clk 01:04:31]} {[%emt 00:00:19]} 20.
Bh4 {[%clk 00:40:07]} {[%emt 00:03:13]} Rab8 {[%clk 00:57:54]} {[%emt
00:07:06]} 21. g4 {[%clk 00:29:44]} {[%emt 00:10:53]} g5 {[%clk 00:50:36]}
{[%emt 00:07:48]} 22. Bg3 {[%clk 00:30:09]} {[%emt 00:00:06]} Qxc4 {[%clk
00:50:26]} {[%emt 00:00:40]} 23. Qf5 {[%clk 00:28:23]} {[%emt 00:02:15]} Qe6
{[%clk 00:49:38]} {[%emt 00:01:18]} 24. f3 {[%clk 00:28:34]} {[%emt 00:00:19]}
Qxf5 {[%clk 00:44:19]} {[%emt 00:05:50]} 25. Bxf5 {[%clk 00:28:58]} {[%emt
00:00:05]} Re7 {[%clk 00:44:30]} {[%emt 00:00:20]} 26. h4 {[%clk 00:26:47]}
{[%emt 00:02:41]} Nb7 {[%clk 00:31:03]} {[%emt 00:13:56]} 27. hxg5 {[%clk
00:19:11]} {[%emt 00:08:07]} hxg5 {[%clk 00:31:29]} {[%emt 00:00:03]} 28. f4
{[%clk 00:19:38]} {[%emt 00:00:04]} Nc5 {[%clk 00:25:54]} {[%emt 00:06:05]} 29.
Bh2 {[%clk 00:11:20]} {[%emt 00:08:47]} Nfe4 {[%clk 00:23:34]} {[%emt
00:02:51]} 30. Bxe4 {[%clk 00:10:48]} {[%emt 00:01:02]} Nxe4 {[%clk 00:24:02]}
{[%emt 00:00:02]} 31. Rd7 {[%clk 00:11:11]} {[%emt 00:00:06]} Rbe8 {[%clk
00:22:59]} {[%emt 00:01:34]} 32. fxe5 {[%clk 00:09:49]} {[%emt 00:01:52]} Nxc3
{[%clk 00:22:17]} {[%emt 00:01:12]} 33. R1d2 {[%clk 00:09:52]} {[%emt
00:00:27]} Ne4 {[%clk 00:19:48]} {[%emt 00:02:59]} 34. Rd1 {[%clk 00:10:17]}
{[%emt 00:00:05]} Nc5 {[%clk 00:18:29]} {[%emt 00:01:48]} 35. R7d2 {[%clk
00:10:18]} {[%emt 00:00:29]} Ne6 {[%clk 00:18:51]} {[%emt 00:00:08]} 36. Bg3
{[%clk 00:08:59]} {[%emt 00:01:50]} c5 {[%clk 00:19:04]} {[%emt 00:00:16]} 37.
Rd6 {[%clk 00:08:25]} {[%emt 00:01:04]} b5 {[%clk 00:13:43]} {[%emt 00:05:51]}
38. Be1 {[%clk 00:08:24]} {[%emt 00:00:31]} b4 {[%clk 00:13:18]} {[%emt
00:00:55]} 39. Rc1 {[%clk 00:07:13]} {[%emt 00:01:42]} Rb8 {[%clk 00:13:18]}
{[%emt 00:00:29]} 40. Kf2 {[%clk 00:07:04]} {[%emt 00:00:39]} Rb5 {[%clk
00:12:39]} {[%emt 00:01:10]} 41. Ra6 {[%clk 00:07:15]} {[%emt 00:00:18]} Rb6
{[%clk 00:11:56]} {[%emt 00:01:14]} 42. Ra5 {[%clk 00:07:35]} {[%emt 00:00:10]}
Rd7 {[%clk 00:11:51]} {[%emt 00:00:35]} 43. Ke2 {[%clk 00:07:53]} {[%emt
00:00:12]} a6 {[%clk 00:11:25]} {[%emt 00:00:56]} 44. Rb1 {[%clk 00:06:56]}
{[%emt 00:01:27]} Rd8 {[%clk 00:07:59]} {[%emt 00:03:56]} 45. Rb3 {[%clk
00:06:27]} {[%emt 00:00:59]} Ra8 {[%clk 00:07:19]} {[%emt 00:01:10]} 46. a3
{[%clk 00:05:22]} {[%emt 00:01:35]} Rab8 {[%clk 00:07:03]} {[%emt 00:00:45]} 47.
Ra4 {[%clk 00:05:22]} {[%emt 00:00:30]} bxa3 {[%clk 00:04:42]} {[%emt
00:02:51]} 48. Rbxa3 {[%clk 00:05:30]} {[%emt 00:00:22]} Rb2+ {[%clk 00:04:16]}
{[%emt 00:00:56]} 49. Kf3 {[%clk 00:05:51]} {[%emt 00:00:09]} Rb1 {[%clk
00:04:19]} {[%emt 00:00:28]} 50. Bc3 {[%clk 00:05:26]} {[%emt 00:00:55]} Rh8
{[%clk 00:04:07]} {[%emt 00:00:42]} 51. Ra1 {[%clk 00:03:00]} {[%emt 00:02:56]}
Rb3 {[%clk 00:03:14]} {[%emt 00:01:22]} 52. R1a3 {[%clk 00:03:04]} {[%emt
00:00:27]} Rhb8 {[%clk 00:02:52]} {[%emt 00:00:51]} 53. Rxa6 {[%clk 00:03:01]}
{[%emt 00:00:33]} Rb1 {[%clk 00:03:02]} {[%emt 00:00:21]} 54. Ra1 {[%clk
00:02:35]} {[%emt 00:00:56]} R8b3 {[%clk 00:02:28]} {[%emt 00:01:04]} 55. Rxb1
{[%clk 00:02:34]} {[%emt 00:00:31]} Rxb1 {[%clk 00:02:57]} {[%emt 00:00:01]} 56.
Ra4 {[%clk 00:01:47]} {[%emt 00:01:18]} Rc1 {[%clk 00:03:09]} {[%emt 00:00:16]}
57. Rc4 {[%clk 00:01:12]} {[%emt 00:01:06]} Kg6 {[%clk 00:02:22]} {[%emt
00:01:17]} 58. Ke4 {[%clk 00:01:19]} {[%emt 00:00:23]} Rg1 {[%clk 00:02:38]}
{[%emt 00:00:13]} 59. Kf3 {[%clk 00:01:33]} {[%emt 00:00:17]} Rc1 {[%clk
00:02:35]} {[%emt 00:00:32]} 60. Ke4 {[%clk 00:01:59]} {[%emt 00:00:05]} Rc2
{[%clk 00:02:09]} {[%emt 00:00:55]} 61. Kf3 {[%clk 00:01:58]} {[%emt 00:00:32]}
Kg7 {[%clk 00:01:40]} {[%emt 00:00:59]} 62. Ke4 {[%clk 00:02:21]} {[%emt
00:00:07]} Rc1 {[%clk 00:02:06]} {[%emt 00:00:03]} 63. Kd3 {[%clk 00:02:14]}
{[%emt 00:00:38]} Rg1 {[%clk 00:01:31]} {[%emt 00:01:04]} 64. Ba5 {[%clk
00:02:15]} {[%emt 00:00:30]} Rg2 {[%clk 00:01:21]} {[%emt 00:00:40]} 65. Bb6
{[%clk 00:01:47]} {[%emt 00:00:58]} Kg6 {[%clk 00:01:31]} {[%emt 00:00:20]} 66.
Ke4 {[%emt 00:00:19]} 1/2-1/2

[Event "XLIV Memoriał Szachowy Ludwika Zamenhofa 2025, Grupa A"]
[Site "Białystok, Poland"]
[Date "2025.12.30"]
[Round "7.3"]
[White "Kozak, Antoni"]
[Black "Terkiewicz, Bruno"]
[Result "1/2-1/2"]
[TimeControl "90'+30\""]
[WhiteElo "2426"]
[BlackElo "2211"]

1. Nf3 {[%clk 01:20:38]} {[%emt 00:10:21]} d5 {[%clk 01:30:54]} {[%emt
00:00:06]} 2. g3 {[%clk 01:21:02]} {[%emt 00:00:06]} Nf6 {[%clk 01:31:15]}
{[%emt 00:00:10]} 3. Bg2 {[%clk 01:21:27]} {[%emt 00:00:05]} c6 {[%clk
01:31:34]} {[%emt 00:00:10]} 4. O-O {[%clk 01:21:48]} {[%emt 00:00:09]} Bf5
{[%clk 01:31:48]} {[%emt 00:00:16]} 5. c4 {[%clk 01:19:15]} {[%emt 00:03:04]}
e6 {[%clk 01:32:13]} {[%emt 00:00:05]} 6. cxd5 {[%clk 01:14:36]} {[%emt
00:05:08]} exd5 {[%clk 01:31:43]} {[%emt 00:01:00]} 7. d3 {[%clk 01:15:00]}
{[%emt 00:00:06]} Be7 {[%clk 01:30:46]} {[%emt 00:01:27]} 8. Qb3 {[%clk
01:15:10]} {[%emt 00:00:20]} Qb6 {[%clk 01:31:00]} {[%emt 00:00:17]} 9. Qc2
{[%clk 01:15:35]} {[%emt 00:00:05]} Nbd7 {[%clk 01:28:08]} {[%emt 00:03:21]} 10.
Nc3 {[%clk 01:11:31]} {[%emt 00:04:34]} O-O {[%clk 01:27:20]} {[%emt 00:01:17]}
11. e4 {[%clk 01:10:25]} {[%emt 00:01:37]} dxe4 {[%clk 01:26:28]} {[%emt
00:01:22]} 12. dxe4 {[%clk 01:10:51]} {[%emt 00:00:05]} Bg6 {[%clk 01:25:25]}
{[%emt 00:01:32]} 13. Be3 {[%clk 01:07:45]} {[%emt 00:03:37]} Qa5 {[%clk
01:23:03]} {[%emt 00:02:52]} 14. Nh4 {[%clk 00:59:20]} {[%emt 00:08:55]} Ng4
{[%clk 01:18:26]} {[%emt 00:05:07]} 15. Nxg6 {[%clk 00:59:26]} {[%emt
00:00:23]} hxg6 {[%clk 01:18:52]} {[%emt 00:00:04]} 16. Bd2 {[%clk 00:57:44]}
{[%emt 00:02:13]} Qh5 {[%clk 01:18:46]} {[%emt 00:00:35]} 17. h3 {[%clk
00:56:52]} {[%emt 00:01:23]} Nge5 {[%clk 01:19:08]} {[%emt 00:00:07]} 18. Qd1
{[%clk 00:41:47]} {[%emt 00:15:35]} Nc4 {[%clk 01:13:22]} {[%emt 00:06:16]} 19.
Bf4 {[%clk 00:40:11]} {[%emt 00:02:06]} Qxd1 {[%clk 01:11:01]} {[%emt
00:02:51]} 20. Raxd1 {[%clk 00:39:40]} {[%emt 00:01:01]} Nc5 {[%clk 01:11:13]}
{[%emt 00:00:18]} 21. b3 {[%clk 00:35:50]} {[%emt 00:04:20]} Nb6 {[%clk
01:11:11]} {[%emt 00:00:31]} 22. Be3 {[%clk 00:33:51]} {[%emt 00:02:31]} Rfd8
{[%clk 01:11:06]} {[%emt 00:00:34]} 23. f4 {[%clk 00:32:51]} {[%emt 00:01:30]}
Ne6 {[%clk 01:06:12]} {[%emt 00:05:24]} 24. e5 {[%clk 00:31:00]} {[%emt
00:02:21]} Bc5 {[%clk 01:06:00]} {[%emt 00:00:42]} 25. Kf2 {[%clk 00:29:14]}
{[%emt 00:02:15]} a5 {[%clk 01:04:52]} {[%emt 00:01:39]} 26. Bxc5 {[%clk
00:26:20]} {[%emt 00:03:24]} Nxc5 {[%clk 01:04:46]} {[%emt 00:00:36]} 27. Ne4
{[%clk 00:26:29]} {[%emt 00:00:22]} Nxe4+ {[%clk 01:05:00]} {[%emt 00:00:16]}
28. Bxe4 {[%clk 00:26:55]} {[%emt 00:00:03]} a4 {[%clk 01:04:35]} {[%emt
00:00:55]} 29. Ke3 {[%clk 00:25:42]} {[%emt 00:01:43]} Kf8 {[%clk 01:03:41]}
{[%emt 00:01:24]} 30. Rd4 {[%clk 00:20:21]} {[%emt 00:05:51]} axb3 {[%clk
01:01:52]} {[%emt 00:02:19]} 31. axb3 {[%clk 00:19:42]} {[%emt 00:01:09]} Rxd4
{[%clk 01:01:09]} {[%emt 00:01:13]} 32. Kxd4 {[%clk 00:20:08]} {[%emt
00:00:04]} Ke7 {[%clk 01:00:46]} {[%emt 00:00:53]} 33. b4 {[%clk 00:16:54]}
{[%emt 00:03:44]} Ra2 {[%clk 00:59:18]} {[%emt 00:01:58]} 34. Rb1 {[%clk
00:13:32]} {[%emt 00:03:52]} Na4 {[%clk 00:57:20]} {[%emt 00:02:28]} 35. Rb3
{[%clk 00:12:46]} {[%emt 00:01:17]} Kd7 {[%clk 00:53:34]} {[%emt 00:04:16]} 36.
h4 {[%clk 00:12:10]} {[%emt 00:01:05]} Kc7 {[%clk 00:51:16]} {[%emt 00:02:48]}
37. Bb1 {[%clk 00:09:30]} {[%emt 00:03:10]} Rd2+ {[%clk 00:50:48]} {[%emt
00:00:58]} 38. Ke3 {[%emt 00:01:03]} Rd8 {[%clk 00:50:38]} 39. Rd3 {[%clk
00:08:43]} {[%emt 00:01:23]} Re8 {[%clk 00:50:27]} {[%emt 00:00:41]} 40. Ba2
{[%clk 00:08:28]} {[%emt 00:00:45]} Re7 {[%clk 00:50:07]} {[%emt 00:00:50]} 41.
Kf3 {[%clk 00:07:34]} {[%emt 00:01:25]} b6 {[%clk 00:44:06]} {[%emt 00:06:32]}
42. Bb3 {[%clk 00:05:07]} {[%emt 00:02:57]} b5 {[%clk 00:44:12]} {[%emt
00:00:24]} 43. Bxa4 {[%clk 00:03:36]} {[%emt 00:02:01]} bxa4 {[%clk 00:44:37]}
{[%emt 00:00:04]} 44. Ra3 {[%clk 00:04:04]} {[%emt 00:00:02]} Kb6 {[%clk
00:44:58]} {[%emt 00:00:09]} 45. Rxa4 {[%clk 00:04:32]} {[%emt 00:00:03]} Kb5
{[%clk 00:45:23]} {[%emt 00:00:05]} 46. Ra8 {[%clk 00:04:58]} {[%emt 00:00:04]}
Kxb4 {[%clk 00:45:34]} {[%emt 00:00:19]} 47. Rb8+ {[%clk 00:05:20]} {[%emt
00:00:08]} Kc4 {[%clk 00:45:20]} {[%emt 00:00:44]} 48. Rg8 {[%clk 00:05:27]}
{[%emt 00:00:23]} c5 {[%clk 00:44:10]} {[%emt 00:01:41]} 49. Rxg7 {[%clk
00:05:50]} {[%emt 00:00:07]} Kd3 {[%clk 00:44:05]} {[%emt 00:00:35]} 50. Rg8
{[%clk 00:04:17]} {[%emt 00:02:03]} Rc7 {[%clk 00:42:55]} {[%emt 00:01:39]} 51.
g4 {[%clk 00:03:16]} {[%emt 00:01:32]} c4 {[%clk 00:42:29]} {[%emt 00:00:56]}
52. Rd8+ {[%clk 00:03:42]} {[%emt 00:00:04]} Kc2 {[%clk 00:42:47]} {[%emt
00:00:11]} 53. h5 {[%clk 00:04:02]} {[%emt 00:00:11]} gxh5 {[%clk 00:43:04]}
{[%emt 00:00:13]} 54. gxh5 {[%clk 00:04:28]} {[%emt 00:00:04]} c3 {[%clk
00:42:28]} {[%emt 00:01:06]} 55. h6 {[%clk 00:03:54]} {[%emt 00:01:04]} Kb3
{[%clk 00:39:13]} {[%emt 00:03:45]} 56. Rb8+ {[%clk 00:02:55]} {[%emt
00:01:28]} Kc4 {[%clk 00:37:56]} {[%emt 00:01:47]} 57. Ke2 {[%clk 00:00:31]}
{[%emt 00:02:55]} f6 {[%clk 00:37:38]} {[%emt 00:00:47]} 58. exf6 {[%clk
00:00:34]} {[%emt 00:00:27]} Kd5 {[%clk 00:36:14]} {[%emt 00:01:55]} 59. Kd1
{[%clk 00:00:59]} {[%emt 00:00:04]} Ke6 {[%clk 00:35:32]} {[%emt 00:01:12]} 60.
Rf8 {[%clk 00:00:39]} {[%emt 00:00:50]} Rh7 {[%clk 00:35:00]} {[%emt 00:01:02]}
61. Kc2 {[%clk 00:00:35]} {[%emt 00:00:34]} Rxh6 {[%clk 00:34:37]} {[%emt
00:00:53]} 62. f5+ {[%clk 00:01:03]} {[%emt 00:00:03]} Kxf5 {[%clk 00:34:57]}
{[%emt 00:00:10]} 63. Kxc3 {[%clk 00:01:29]} {[%emt 00:00:04]} Rxf6 {[%clk
00:35:20]} {[%emt 00:00:06]} 64. Rxf6+ {[%clk 00:01:57]} {[%emt 00:00:02]} Kxf6
{[%clk 00:35:42]} {[%emt 00:00:09]} 1/2-1/2